000 00297nam a22001337a 4500
003 SGT
082 _a617.645
_bS12K
100 _aKHATKAR, ARUN
245 _aSPACE MANAGEMENT
260 _aDELHI NCR
_bSGT UNIVERSITY GURUGRAM
_c2012
300 _a1-52
650 _aPEDODONTICS
942 _2ddc
_cTH
999 _c18499
_d18499